| 000 | 00565nam a22001937a 4500 | ||
|---|---|---|---|
| 003 | OSt | ||
| 005 | 20140310182815.0 | ||
| 008 | 130227t xxu||||| |||| 00| 0 eng d | ||
| 050 |
_aHF 6146 _b.F299 1980 |
||
| 082 |
_aM 659.107 _bF32 1980 |
||
| 245 |
_aThe prize winners handbook : _bhow to win sweepstakes, contests, lotteries, and bingo / _cFeinman, Jeffrey |
||
| 260 |
_aNew York, NY : _bVentura Books, _cc1980. |
||
| 300 |
_a127 p. _c17 cm. |
||
| 521 | _aCollege Students | ||
| 526 | _c1210L-1700L | ||
| 541 | _j1 | ||
| 562 | _e1 | ||
| 942 |
_2lcc _cBK _kM |
||
| 999 |
_c16261 _d16261 |
||